[Event "SRB-chT 1st League Men 2018"]
[Site "Valjevo"]
[Date "2018.09.10"]
[Round "11"]
[White "Bogosavljevic, Boban"]
[Black "Jevtic, Miodrag"]
[Result "1-0"]
[WhiteElo "2518"]
[BlackElo "2343"]
[Annotator "TA"]
[PlyCount "107"]
[EventDate "2018.08.31"]
[EventType "team-tourn"]
[EventCountry "SRB"]
[SourceTitle "playchess.com"]
[Source "ChessBase"]
[SourceQuality "1"]

{[%evp 20,107,20,4,36,10,19,28,22,0,11,0,0,0,0,0,39,0,0,0,12,2,18,11,26,0,0,0,5,5,5,-4,0,0,0,-36,-4,-17,-10,-9,0,0,0,-6,0,0,0,0,22,14,17,17,17,18,83,69,73,43,123,109,112,120,123,108,124,110,134,133,122,126,262,261,254,239,236,229,331,298,387,381,398,422,699,699,896,500,787,781,6107,6103]} 1. Nf3 Nf6 2. c4 g6 3. g3 Bg7 4. Bg2 O-O 5. O-O d5 6. cxd5 Nxd5 7. d4 {[%cal Bd2d4,Bd4d5][%mdl 32]} Nb6 8. Nc3 Nc6 {[%cal Bb8c6,Bc6a5,Ba5c4][%mdl 32]} 9. d5 Na5 10. e4 c6 11. Re1 {LiveBook: 52 Partien} h6 {D76: Grünfeldindisch (Fianchetto HV 7... Sb6)} (11... Re8 12. Bf4 cxd5 13. Nxd5 e5 14. Bd2 Nxd5 15. exd5 Nc4 16. Bc3 Bg4 17. Qb3 Bxf3 18. Qxc4 Bxg2 19. Kxg2 Qd7 {½-½ (57) Fressinet,L (2696)-Cheparinov,I (2650) Bastia 2011}) 12. h3 cxd5 $146 ({Vorgänger:} 12... g5 13. h4 g4 14. Nd4 cxd5 15. Nf5 Bxf5 16. exf5 h5 17. Qd2 d4 18. Ne4 Nd5 19. Qg5 {1-0 (31) Barsov,A (2521)-Lesbros,B (2063) Angers 2007}) 13. exd5 Nac4 {Weiß hat minimalen Vorteil.} 14. Qe2 Re8 15. Rd1 Bd7 16. a4 {Droht a5 und aus.} a5 17. Nd4 {Und weiter mit Se6! wäre nett.} Qc8 18. Kh2 Nd6 $1 19. Bf4 Qc4 20. Qxc4 Nbxc4 21. b3 Nf5 22. Ncb5 Nxd4 23. Nxd4 Nd6 24. Rac1 Rac8 25. Nf3 Bf5 26. Re1 Rxc1 27. Bxc1 Bc2 28. Ba3 Kf8 29. Nd2 $1 Rc8 {Droht stark ...Lc3.} 30. Rc1 Bf5 31. Rxc8+ Nxc8 32. Be4 Bxe4 33. Nxe4 $11 {[%mdl 4096] Endspiel KLS-KLS} Bd4 34. Kg2 Ke8 35. g4 Kd7 $1 36. Kf3 e6 (36... Nb6 $11 {bleibt in der Remisbreite.}) 37. dxe6+ $16 Kxe6 38. Bc1 f5 ({Lieber} 38... g5 $14) 39. gxf5+ gxf5 40. Ng3 Bg7 41. Nh5 Bf8 42. Bd2 b6 43. Nf4+ Kf7 44. Be3 Bc5 (44... Be7 $16 {ist wohl besser.}) 45. Bxc5 $18 bxc5 {KS-KS} 46. Nd3 Ne7 47. Nxc5 Nc6 (47... Kf6 $142 48. Kf4 Nc6) 48. Ke3 Ke7 49. Kd3 Kd6 {[#]} 50. Kc4 $1 Ke5 (50... Nd8 $142 51. Kb5 Kd5) 51. Nb7 Ke4 52. Nd6+ Ke5 (52... Kf4 $142 53. Kc5 Ne7) 53. Kc5 Nd4 {[#]} 54. f4+ $1 {[%mdl 512] Precision: Weiß = 72%, Schwarz = 40%.} 1-0

[Event "SRB-chT 1st League Men 2018"]
[Site "Valjevo"]
[Date "2018.09.10"]
[Round "11"]
[White "Popovic, Dusan"]
[Black "Kosic, Dragan"]
[Result "1/2-1/2"]
[WhiteElo "2517"]
[BlackElo "2465"]
[Annotator "TA"]
[PlyCount "20"]
[EventDate "2018.08.31"]
[EventType "team-tourn"]
[EventCountry "SRB"]
[SourceTitle "playchess.com"]
[Source "ChessBase"]
[SourceQuality "1"]

{[%evp 11,20,6,42,22,67,64,72,72,54,57,63]} 1. Nf3 Nf6 2. g3 b6 3. Bg2 Bb7 4. O-O c5 5. d3 d6 6. e4 {A04: Unusual lines after 1 Nf3 and King's Indian Attack} Nbd7 {LiveBook: 25 Games} (6... e6 7. Re1 Be7 8. Nbd2 O-O 9. c3 Nc6 10. a3 Rc8 11. d4 cxd4 12. cxd4 b5 13. e5 Nd5 14. Ne4 b4 15. Qd3 dxe5 16. dxe5 Nb6 17. Nd6 Rc7 {0-1 (37) Amin,B (2689)-Vachier Lagrave,M (2789) Riadh 2017}) 7. Re1 e5 $146 ({Predecessor:} 7... e6 8. c4 Be7 9. Nc3 O-O 10. h3 a6 11. a3 Qc7 12. Bd2 Ne5 13. Qe2 {0-1 (48) Kitagami,S (2076)-Sevillano,E (2566) Los Angeles 2008}) 8. a4 a6 9. Nc3 Be7 10. Nd2 O-O 1/2-1/2

[Event "SRB-chT 1st League Men 2018"]
[Site "Valjevo"]
[Date "2018.09.10"]
[Round "11"]
[White "Nenezic, Marko"]
[Black "Saric, Sinisa"]
[Result "1-0"]
[WhiteElo "2495"]
[BlackElo "2399"]
[Annotator "TA"]
[PlyCount "137"]
[EventDate "2018.08.31"]
[EventType "team-tourn"]
[EventCountry "SRB"]
[SourceTitle "playchess.com"]
[Source "ChessBase"]
[SourceQuality "1"]

{[%evp 20,137,8,4,17,17,19,0,7,7,11,0,0,0,0,-16,0,0,0,0,7,7,10,10,10,10,10,10,10,8,27,32,34,35,38,33,39,26,33,36,31,32,32,31,45,33,87,86,134,131,287,299,277,218,266,225,225,225,225,225,225,225,225,216,234,234,350,361,356,308,408,409,441,438,423,319,299,235,235,217,358,338,376,387,386,364,474,470,445,329,787,772,719,709,879,852,860,836,1723,1451,1610,1617,1590,1463,1559,1292,2365,2623,2271,2257,2246,2087,29980,29981,29980,29981,29982,29984,29984,29985]} 1. d4 Nf6 2. c4 g6 3. Nc3 Bg7 4. e4 d6 5. Nf3 O-O 6. Be2 e5 7. O-O exd4 8. Nxd4 Re8 9. f3 Nc6 10. Nxc6 bxc6 11. Bg5 {LiveBook: 23 Games} Qe7 {E94: King's Indian: Classical: 6 Be2 e5 7 0-0: Various Black 7th moves} 12. Qd2 Qe5 13. Kh1 a5 $146 {The position is equal.} ({Predecessor:} 13... Rb8 14. Rab1 Nd7 15. Na4 Bb7 16. Bf4 Qe7 17. b4 Rbd8 18. c5 Nf6 19. cxd6 cxd6 {1-0 (29) Ikonnikov,V (2535)-Temmink,H (2245) Uebach 1996}) 14. Rac1 Nd7 15. f4 Qd4 16. Qc2 Nb6 17. Rfd1 Qf2 18. Rf1 Qd4 19. Bd3 a4 20. Bh4 a3 {[#] Threatens to win with ...axb2.} 21. Bf2 Qf6 22. b3 Qxc3 23. Qxc3 Bxc3 24. Rxc3 c5 25. e5 Bb7 26. exd6 cxd6 27. Rd1 Nd7 28. Bh4 f5 29. Bf1 Re6 30. Rcd3 Ra6 31. Kg1 Kf7 32. Be1 Rb6 {[#]} ({Black should play} 32... Nf6 $14) 33. Ba5 $1 $36 {[%cal Ra5b6][%mdl 2048] Black is under strong pressure.} Be4 34. Rh3 h5 $2 (34... Rb7 $16 {was necessary.}) 35. Bxb6 $18 Nxb6 36. Re3 Ke7 37. Kf2 Nd7 38. Be2 Nf6 39. Bf3 Kd7 40. Re2 Kc6 41. Red2 Kc7 42. Kg3 Bc6 (42... Kd7 $142 43. Re1 Ke7) 43. Kh4 Nh7 44. Rd3 Nf6 45. Kg5 Bxf3 46. gxf3 {[%mdl 4096] Endgame KRR-KRN} Nd7 47. Kh4 Nb8 48. Kg3 Nc6 49. Kf2 Kd7 (49... Nb4 {is a better defense.} 50. R3d2 Kc6) 50. Re3 Rxe3 51. Kxe3 {KR-KN} Ke6 52. Rd2 Nb4 53. Kf2 Nc6 54. Kg3 Ne7 $2 (54... Ke7 55. Kg2 Nd8 56. Re2+ Kf7) 55. Kh4 Nc6 56. Kg5 Nd4 57. Kxg6 h4 58. h3 Nxf3 59. Re2+ Kd7 60. Rf2 Nd4 61. Kg5 Ke6 62. Kxh4 Kf6 63. Kg3 Nc6 64. Rd2 Ke6 65. h4 {[%cal Bh3h4,Bh4h5][%mdl 32]} Nd8 66. h5 {White mates.} Nf7 67. Kh4 Kf6 68. Rg2 Nh8 69. Rg8 {Precision: White = 73%, Black = 35%.} 1-0

[Event "SRB-chT 1st League Men 2018"]
[Site "Valjevo"]
[Date "2018.09.10"]
[Round "11"]
[White "Kovacevic, Aleksandar"]
[Black "Zajic, Milan"]
[Result "1/2-1/2"]
[WhiteElo "2483"]
[BlackElo "2497"]
[Annotator "TA"]
[PlyCount "27"]
[EventDate "2018.08.31"]
[EventType "team-tourn"]
[EventCountry "SRB"]
[SourceTitle "playchess.com"]
[Source "ChessBase"]
[SourceQuality "1"]

{[%evp 9,27,-7,7,0,-5,-7,-2,-6,-4,-14,-9,-8,0,0,8,8,16,0,0,0]} 1. d4 d5 2. Bf4 Nf6 3. e3 c5 4. c3 e6 5. Nd2 Bd6 {The position is equal.} 6. Bg3 {D00: 1 d4 d5: Unusual lines} O-O 7. Ngf3 b6 (7... Qc7 8. Bd3 Nbd7 9. O-O b6 10. e4 Bxg3 11. hxg3 dxe4 12. Nxe4 Bb7 13. Qe2 Rfd8 14. Rad1 cxd4 15. Nxd4 a6 16. Rfe1 h6 {½-½ (37) So,W (2815)-Carlsen,M (2832) chess.com INT 2017}) 8. Bd3 Bb7 9. Qe2 Ne4 10. Rd1 {Nxe4 is the strong threat.} f5 11. Bxd6 Qxd6 12. Ne5 Nxd2 13. Rxd2 Nd7 $146 ({Predecessor:} 13... c4) 14. f4 1/2-1/2

[Event "SRB-chT 1st League Men 2018"]
[Site "Valjevo"]
[Date "2018.09.10"]
[Round "11"]
[White "Lazic, Miroljub"]
[Black "Cabarkapa, Novak"]
[Result "*"]
[WhiteElo "2476"]
[BlackElo "2437"]
[Annotator "TA"]
[PlyCount "35"]
[EventDate "2018.08.31"]
[EventType "team-tourn"]
[EventCountry "SRB"]
[SourceTitle "playchess.com"]
[Source "ChessBase"]
[SourceQuality "1"]

{[%evp 9,35,15,15,15,87,15,16,7,15,19,40,24,27,0,41,30,341,351,380,393,372,382,393,375,380,356,361,341]} 1. g3 e5 2. Bg2 h5 (2... d5 3. c4 Nf6 4. cxd5 Nxd5 5. Nc3 Nb6 6. d3 Be7 7. Be3 O-O 8. Rc1 Re8 9. Nf3 Nc6 10. O-O Bf8 11. a3 Nd4 12. Ne4 c6 13. Bg5 f6 14. Nxd4 exd4 15. Bd2 Be6 16. Re1 Bd5 17. Qc2 Qd7 18. b4 Rad8 19. Qb2 {0-1 (73) Nepomniachtchi,I (2767)-Karjakin,S (2785) Doha 2016}) 3. d4 exd4 4. Nf3 Bb4+ 5. Nbd2 Nc6 6. O-O {A00: Unregelmäßige Eröffnungen} h4 $146 (6... Be7 $11 {hält das Gleichgewicht.}) ({Vorgänger:} 6... d5 7. Nb3 h4 8. Nbxd4 hxg3 9. hxg3 Nge7 10. Qd3 {0-1 (34) Hickl,J (2575)-Sulava,N (2466) Saint Vincent 1999}) 7. Nb3 (7. Nxh4 $16 d5 8. Nhf3) 7... hxg3 8. hxg3 {Die Stellung ist ausgeglichen.} Be7 9. Nbxd4 Nxd4 10. Nxd4 d6 11. Qd3 c6 12. Bf4 $36 {[%cal Bc1f4,Bf4d2,Bd2c3][%mdl 2080] Schwarz steht unter Druck.} g6 $2 {[%mdl 8192] [#]} (12... Nf6 $11) 13. Nxc6 $1 $18 {[%mdl 512]} bxc6 {Weiß steht auf Gewinn.} 14. Qc3 Kf8 {Droht stark ...Sf6.} 15. Qxh8 g5 16. Bd2 Bf6 17. Qh5 Rb8 18. Bc3 {Precision: Weiß = 54%, Schwarz = 47%.} *

[Event "SRB-chT 1st League Men 2018"]
[Site "Valjevo"]
[Date "2018.09.10"]
[Round "11"]
[White "Ivic, Velimir"]
[Black "Arsovic, Goran"]
[Result "1-0"]
[WhiteElo "2472"]
[BlackElo "2369"]
[Annotator "TA"]
[PlyCount "91"]
[EventDate "2018.08.31"]
[EventType "team-tourn"]
[EventCountry "SRB"]
[SourceTitle "playchess.com"]
[Source "ChessBase"]
[SourceQuality "1"]

{[%evp 22,91,31,27,17,20,35,21,39,22,25,25,23,14,5,0,0,0,45,47,47,14,2,14,4,29,29,27,32,50,45,43,40,33,64,32,224,4,12,0,0,0,0,0,179,0,0,0,11,-93,-18,-24,0,0,106,111,115,113,108,87,235,239,658,618,29979,29980,12839,6125,29977,12841,29991,12842]} 1. e4 c5 2. Nf3 d6 3. d4 cxd4 4. Nxd4 Nf6 5. Nc3 a6 6. Be3 e5 7. Nb3 Be7 8. f3 Be6 9. Qd2 Nbd7 10. O-O-O b5 11. g4 {[%cal Bg2g4,Bg4g5][%mdl 32]} Nb6 12. g5 Nh5 {B90: Sicilian Najdorf: Unusual White 6th moves, 6 Be3 Ng4 and 6 Be3 e5} 13. Nd5 Nxd5 14. exd5 Bd7 {The position is equal.} 15. Na5 Qc7 16. Kb1 (16. Nc6 Bxc6 17. dxc6 Qxc6 18. Bh3 g6 19. Bg4 Ng7 20. h4 {0-1 (47) Kobalia,M (2619)-Sarana,A (2613) Satka 2018}) 16... O-O 17. Rg1 g6 18. c4 f6 19. Rc1 {Hoping for cxb5.} b4 20. Qxb4 fxg5 21. c5 $146 {Black should prevent Nc6.} (21. Bb6 $5 {[%cal Rb6c7]} Qc8 22. c5 $14) 21... Rxf3 22. cxd6 Bxd6 (22... Qxd6 $2 23. Bc5 $18) 23. Qd2 $1 $36 {[%mdl 2048] White has good play.} Qd8 24. Nc4 Bf5+ 25. Ka1 $1 Nf4 26. Nxd6 Qxd6 27. Rxg5 Rd8 28. Bc4 e4 $2 (28... Rc8 $14) 29. Rgg1 $2 (29. Rg3 $1 $18 {[%cal Rg3f3]} Nh5 30. Rxf3 exf3 31. Bb3) 29... Nd3 $11 (29... Nxd5 $6 30. Bg5 $16) 30. Rcf1 Rxf1+ 31. Rxf1 Rc8 32. Bb3 Qe5 $2 (32... Nc5 $11 {and Black stays safe.}) 33. Rb1 $2 (33. d6+ $1 $18 Kh8 34. Bb6) 33... h5 34. Qa5 Qd6 35. Bd4 (35. h4 $11) 35... Nc5 (35... Nc1 $1 $17 {And now ...e3 would win.} 36. Bc3 Nxb3+ 37. axb3 Rc5) 36. Bc4 e3 37. Re1 Qf4 (37... Ne6 $11 {keeps the balance.} 38. Bxe3 (38. dxe6 $2 Qxd4 39. Qc3 Rxc4 $19) (38. Bxa6 $2 Nxd4 39. Bxc8 Nc2+ 40. Kb1 Nxe1+ $19) 38... Rxc4 39. dxe6 Bxe6) 38. d6+ $1 $16 Kh7 39. Bxc5 Qxc4 40. Bxe3 Qe4 {[#]} (40... Re8 $16 {keeps fighting.} 41. Rc1 Qd3) 41. Bg5 $1 $18 Qd3 $2 (41... Rc5 42. Qd2 (42. Qxc5 Qxe1+ 43. Qc1 Qxc1+ 44. Bxc1 Kg8 $14) (42. Rxe4 Rxa5 43. Re7+ Kg8 $16) 42... Qd5) 42. Qe5 {White threatens Qe7+ and mate.} Rg8 43. Bf6 g5 44. Qe7+ (44. h4 $142 Kg6 45. Bxg5) 44... Kh6 45. Qf7 (45. h4 $142 Qg3 46. Bxg5+ Rxg5 47. Qf6+ Kh7 48. Re7+ Rg7 49. Qxf5+ Qg6 50. Qxg6+ Kxg6 51. Rxg7+ Kxg7 52. d7) 45... Bh7 46. d7 {Precision: White = 47%, Black = 40%.} (46. h4 $142 gxh4 47. Bg7+ Kg5 {[#]} 48. Bh6+ $1 {[%mdl 512]} Kxh6 49. Qf4+ Rg5 50. Re6+ Bg6 51. Qf8+ Kh7 52. Re7+ Bf7 53. Rxf7+ Kg6 54. Qg7#) 1-0

[Event "SRB-chT 1st League Men 2018"]
[Site "Valjevo"]
[Date "2018.09.10"]
[Round "11"]
[White "Lukovic, Vladimir"]
[Black "Miljkovic, Miroslav D"]
[Result "1/2-1/2"]
[WhiteElo "2439"]
[BlackElo "2474"]
[Annotator "TA"]
[PlyCount "35"]
[EventDate "2018.08.31"]
[EventType "team-tourn"]
[EventCountry "SRB"]
[SourceTitle "playchess.com"]
[Source "ChessBase"]
[SourceQuality "1"]

{[%evp 17,18,-8,-15]} 1. e4 c5 2. Nf3 e6 3. d4 cxd4 4. Nxd4 Nc6 5. Nxc6 bxc6 6. Bd3 d5 7. Nd2 Nf6 8. Qe2 Be7 9. O-O O-O {LiveBook: 81 Games} {Predecessor:} 10. b3 $146 Bb7 11. Bb2 c5 12. e5 Nd7 13. c4 a5 14. cxd5 Bxd5 15. Ne4 Re8 16. Rfd1 Qc7 17. Bb5 Red8 18. Nc3 {1-0 (58) Kovalev,V (2539)-Moiseenko,A (2692) Wroclaw 2014} 1/2-1/2

[Event "SRB-chT 1st League Men 2018"]
[Site "Valjevo"]
[Date "2018.09.10"]
[Round "11"]
[White "Damjanovic, Vladimir"]
[Black "Popovic, Nenad"]
[Result "0-1"]
[WhiteElo "2412"]
[BlackElo "2238"]
[Annotator "TA"]
[PlyCount "176"]
[EventDate "2018.08.31"]
[EventType "team-tourn"]
[EventCountry "SRB"]
[SourceTitle "playchess.com"]
[Source "ChessBase"]
[SourceQuality "1"]

{[%evp 19,176,14,14,12,9,9,18,-8,-14,-21,0,-30,-22,-25,0,0,0,0,0,-64,0,0,20,20,20,20,34,7,34,35,40,44,37,43,50,45,34,39,90,61,96,77,103,101,117,108,162,134,241,237,237,229,268,171,166,0,4,0,68,63,97,97,148,131,429,400,381,0,0,-148,-154,-153,-146,-146,-147,-177,-177,-197,-177,-177,-177,-177,-177,-177,-177,-177,-177,-177,-173,-177,-177,-175,-177,-177,-152,-177,-152,-152,-159,-170,-135,-168,-150,-171,-121,-135,-121,-137,-134,-174,-174,-174,-174,-172,-138,-222,-120,-121,0,-214,-129,-129,0,-202,-129,-129,-121,-134,-121,-121,-121,-122,-16,-527,-484,-409,-291,-609,-555,-552,-539,-736,-713,-680,-653,-879,-884,-2296,-3099,-5089,-2141,-29976,-29975,-29975,-29976,-29982,-29983,-29987,-29988]} 1. e4 c6 2. d4 d5 3. e5 Bf5 4. c4 dxc4 5. Bxc4 e6 6. Nc3 Nd7 7. Nge2 Nb6 8. Bb3 Ne7 9. O-O Qd7 {B12: Caro-Kann (Vorstoß-Variante)} 10. a4 a5 {LiveBook: 3 Partien} 11. Be3 Ned5 {Die Stellung ist ausgeglichen.} (11... Nbd5 12. h3 Bg6 13. Rc1 Nxe3 14. fxe3 Nd5 15. Nxd5 cxd5 16. Nf4 Bb4 17. Rf3 {½-½ (63) Stukopin,A (2587)-Macieja,B (2574) Greensboro 2015}) 12. Ng3 Bg6 13. Nce4 h5 {[%cal Bh7h5,Bh5h4][%mdl 32]} 14. Nc3 $146 ({Vorgänger:} 14. h4 Be7 15. Bg5 f6 16. exf6 gxf6 17. Bd2 {1-0 (38) Geurink,J (2331)-Wantola,I (2330) Netherlands 2013}) 14... Be7 15. Qd2 h4 16. Nge4 Nxc3 17. Nxc3 h3 18. g3 Bb4 19. Bg5 ({Günstiger ist} 19. Qe2 $11) 19... Be7 (19... c5 $15 20. dxc5 Qc6) 20. Rad1 Rh5 21. Bxe7 Qxe7 22. Qe3 Rd8 23. Rfe1 Kf8 24. Ne2 Rh6 25. Nf4 Bf5 26. f3 g5 27. Ne2 Nd5 28. Bxd5 exd5 (28... Rxd5 $14 29. Nc3 Rd8) 29. Rc1 Kg7 30. g4 Bg6 31. Ng3 Kh7 32. Rc5 Re8 (32... Ra8 $16 {war nötig.}) 33. Rxa5 $18 b6 (33... f6 $16 34. e6 Kg8) 34. Ra6 Qb7 35. Qe2 Re6 36. a5 bxa5 37. Nf5 $2 (37. Rc1 $18) 37... Bxf5 $1 $11 38. gxf5 Re8 (38... Re7 $1 $11) 39. Rxa5 $14 Qb4 40. Ra7 Rf6 (40... Qxd4+ $142 41. Qf2 Qxf2+ 42. Kxf2 Kg8) 41. Rd1 $16 {Und f4 würde nun gewinnen.} Kh6 $2 {[%mdl 8192]} (41... Kg8 $16) 42. Qc2 $18 {Schwarz muss nun f4 beachten.} Qb6 43. exf6 $2 (43. f4 $1 $18 {[%cal Rf4g5]} Qxa7 44. fxg5+ (44. exf6 g4 $11) 44... Kxg5 45. Kh1 (45. exf6 Qb8 $11)) 43... Qxa7 $11 44. Qxc6 $18 {[%mdl 4096] Endspiel KDT-KDT} (44. Qd3 $1 $11 {war der einzige Weg, das Gleichgewicht zu behalten.} Qd7 45. Kh1) 44... Qb8 $1 $36 {[%cal Rb8b2][%mdl 2048] Schwarz bestimmt, wo es lang geht.} 45. Qc2 Qf4 $1 {[%cal Rf4f3]} 46. Qf2 Re3 47. Qg3 Qxf5 48. Rf1 Re2 {Droht stark ...Tg2+.} (48... Qxf6 49. Qxh3+ Kg6 50. Qc8 $15) 49. Rf2 Re1+ 50. Rf1 {[#]} Rxf1+ $1 51. Kxf1 $19 {KD-KD} Qb1+ (51... Qxf6 52. f4 $11) 52. Ke2 Qxb2+ 53. Ke3 Qc3+ 54. Ke2 Qxd4 55. Qxh3+ Kg6 56. Qh8 Qb2+ 57. Kd3 Qxf6 58. Qg8+ Kh6 59. Ke2 Qg7 60. Qd8 Qe5+ 61. Kd3 Kg6 62. Qg8+ Kf6 63. Qh8+ Kf5 64. Qh7+ Ke6 {zielt auf ...Df5+ ab.} 65. Qg8 Qf5+ ({Nicht} 65... Qxh2 66. Qe8+ Kf6 67. Qd8+ Ke6 68. Qe8+ Kf6 69. Qd8+ Kg7 70. Qxg5+ Kf8 71. Qd8+ Kg7 72. Qxd5 $11) 66. Ke2 Qc2+ 67. Ke3 {[#]} (67. Ke1 $17) 67... Qc3+ ({Schwächer ist} 67... Qxh2 68. Qe8+ Kf6 69. Qd8+ Ke6 70. Qe8+ Kf6 71. Qd8+ Ke6 72. Qe8+ $11) (67... Qc7 $1 $19 68. h3 Qf4+ 69. Ke2 d4 70. Qc8+ Kf6 71. Qd8+ Kg7) 68. Ke2 $17 Qc2+ (68... Qc4+ $17 69. Kf2 Qc5+ 70. Ke2 Qc2+ 71. Ke1 Qc1+ 72. Ke2 Ke7) 69. Ke3 $19 Qc1+ (69... Qxh2 70. Qe8+ Kf6 71. Qd8+ Kf5 72. Qc8+ Kf6 73. Qd8+ Ke6 74. Qe8+ Kf6 75. Qd8+ $11) 70. Ke2 Qc2+ (70... Ke7 $17 71. Qb8 Qc4+ 72. Kd2 f6 73. Qb7+ Ke6) 71. Ke3 {beabsichtigt De8+.} Qc5+ ({Lieber nicht} 71... Qxh2 72. Qe8+ Kf6 73. Qd8+ Kg6 74. Qg8+ Kf6 75. Qd8+ Ke6 76. Qe8+ Kf6 77. Qd8+ $11) 72. Ke2 Qe7 73. Kd3 Kf5 {Und weiter mit ...Kf4 wäre nett.} 74. Qc8+ Qe6 75. Qc7 f6 (75... Kg6 $17 {Schwarz will ...Df6 spielen.} 76. Qc5 Qf5+ 77. Ke2 g4 78. fxg4 Qxg4+ 79. Kd2 Qf4+ 80. Kc3 Qf3+ 81. Kd2 f5) 76. Qg3 $2 {[%mdl 8192]} (76. Kd4 $11) 76... Qa6+ 77. Ke3 Qb6+ 78. Kd3 $2 (78. Ke2) 78... Qb3+ 79. Kd2 Qb4+ 80. Ke2 Qc4+ 81. Kd1 Qd3+ 82. Ke1 Qe3+ 83. Kd1 d4 {[%cal Bd5d4,Bd4d3][%mdl 32]} 84. Qg4+ Kg6 85. Qg2 Qd3+ {Schwarz setzt Matt.} 86. Kc1 Qc3+ 87. Kb1 d3 88. f4 Qe1+ {Precision: Weiß = 54%, Schwarz = 49%.} 0-1

[Event "SRB-chT 1st League Men 2018"]
[Site "Valjevo"]
[Date "2018.09.10"]
[Round "11"]
[White "Benkovic, Petar"]
[Black "Vuckovic, Bojan"]
[Result "0-1"]
[WhiteElo "2405"]
[BlackElo "2588"]
[Annotator "TA"]
[PlyCount "68"]
[EventDate "2018.08.31"]
[EventType "team-tourn"]
[EventCountry "SRB"]
[SourceTitle "playchess.com"]
[Source "ChessBase"]
[SourceQuality "1"]

{[%evp 17,68,12,12,-2,-4,-16,0,-16,-24,-27,0,7,0,-3,22,10,34,16,38,40,43,42,46,50,72,0,0,0,0,0,0,-106,-97,-83,-92,-93,-100,-456,-362,-2255,-1981,-1617,-1541,-1533,-859,-1257,0,-1053,-1043,-974,-974,-875,136]} 1. Nf3 Nf6 2. g3 d5 3. Bg2 c6 4. d3 Bg4 5. h3 Bh5 6. O-O Nbd7 7. Qe1 {A07: Réti Opening: New York and Capablanca Systems} e5 8. e4 Bd6 9. Nh4 O-O {LiveBook: 7 Games} 10. g4 (10. Nf5 Bc7 11. Nc3 Nb6 12. a4 a5 13. f4 dxe4 14. dxe4 exf4 15. gxf4 {½-½ (23) Nakamura,H (2780)-Jakovenko,D (2721) Palma de Mallorca 2017}) 10... Bg6 $1 11. g5 Nh5 12. Nxg6 $146 ({Predecessor:} 12. exd5 cxd5 13. Nxg6 hxg6 14. Bxd5 Nf4 15. Bxf4 exf4 {1-0 (41) Maghsoodloo,P (2594)-Sjugirov,S (2652) Moscow 2018}) 12... fxg6 13. exd5 cxd5 (13... Bc5 $5 {[%cal Rh5g3]}) 14. Bxd5+ Kh8 15. Nc3 Nf4 16. Bxf4 $1 Rxf4 17. Bxb7 Qxg5+ 18. Bg2 $1 Nf6 {[%cal Bd7f6,Bf6d5,Bd5e3][%mdl 32]} 19. Ne2 e4 {...Rf3 is the strong threat.} 20. Qd2 {Threatens to win with dxe4.} Re8 $1 21. Rae1 {[#]} ({White should try} 21. c4 $16) 21... e3 $1 $40 {[%cal Re3d2][%mdl 640] Black is up to no good.} 22. fxe3 Rxf1+ 23. Rxf1 Nd5 24. Nf4 (24. Nd4 $1 $11) 24... Nxe3 $17 {[#]} 25. Nd5 $1 {[%mdl 512]} Qg3 (25... Nxd5 26. Qxg5) 26. Nxe3 Rxe3 27. Qa5 $2 {[%mdl 8192]} (27. Rf2 $17 {was the crucial defense.}) 27... h5 28. Qxa7 $2 (28. Rf2 Qh2+ 29. Kf1) 28... Re2 $19 {[%csl Ge2][%cal Rg3g2]} 29. Rf2 Re1+ 30. Rf1 Qh2+ 31. Kf2 Qg3+ 32. Kg1 {and the idea Rxe1 leaves White hopeful.} Bf4 {And now ...Be3+ would win.Black is clearly winning.} 33. Qa8+ Kh7 {( -> ...Be3+)} 34. Qf3 Qh2+ {[%mdl 32768] Precision: White = 34%, Black = 69%. . Loss on Time!?} 0-1